000 00658nam a22001937a 4500
999 _c168515
_d168515
005 20191011165318.0
010 _aENG-126655
020 _a9789353436582
_c295.00
035 _aEN-110187
037 _bDBAD/PUB
082 _a301.954
100 _aKumar, M.Senthil
245 _aIndian society :
_cby M.Senthil Kumar [and] S.Rijesh
_bfor civil services main examination /
260 _aNoida
_bPearson India Education Services
_c2019
270 _a15th Floor, Tower-B, World Trade Tower, Plot No.1
_bBlock-C, Sector-16, Noida
_e201301
300 _avarious paging.
_c24cm(pbk)
700 _aRijesh, M
942 _2ddc
_cEN
_h301.954
_mKUM